Welcome to WEB OPAC of MRSPTU Central Library

Medicines (Record no. 1176)

MARC details
000 -LEADER
fixed length control field 00324nam a2200145Ia 4500
008 - FIXED-LENGTH DATA ELEMENTS--GENERAL INFORMATION
fixed length control field 230711s9999||||xx |||||||||||||| ||und||
041 ## - LANGUAGE CODE
Language code of text/sound track or separate title ENG
082 ## - DEWEY DECIMAL CLASSIFICATION NUMBER
Classification number 541
Item number BL-M
100 ## - MAIN ENTRY--PERSONAL NAME
Personal name Blooms Burns
245 #0 - TITLE STATEMENT
Title Medicines
250 ## - EDITION STATEMENT
Edition statement 1str
260 ## - PUBLICATION, DISTRIBUTION, ETC.
Date of publication, distribution, etc. 1988
Place of publication, distribution, etc. New Delhi
Name of publisher, distributor, etc. CRC Press Florida
650 ## - SUBJECT ADDED ENTRY--TOPICAL TERM
Topical term or geographic name entry element Chemistry
942 ## - ADDED ENTRY ELEMENTS (KOHA)
Koha item type Book
Holdings
Withdrawn status Lost status Damaged status Not for loan Collection Home library Current library Date acquired Total checkouts Full call number Barcode Date last seen Price effective from Koha item type
          MRSPTU Central Library MRSPTU Central Library     541 BL-M 5836 08/17/2023 08/17/2023 Book
          MRSPTU Central Library MRSPTU Central Library     541 BL-M 5837 08/17/2023 08/17/2023 Book

Website Designed and Developed by MRSPTU Central Library Team

E-mail Id: librarian@mrsptu.ac.in